书目信息 |
| 题名: |
激光光谱分析法
|
|
| 作者: | 朱贵云 编著 | |
| 分册: | ||
| 出版信息: | 北京 科学出版社 1982.8 |
|
| 页数: | 212页 | |
| 开本: | 20cm | |
| 丛书名: | ||
| 单 册: | ||
| 中图分类: | O433.5 | |
| 科图分类: | ||
| 主题词: | 光学 | |
| 电子资源: | ||
| ISBN: | ||
| 000 | 00524nam0 2200193 45 | |
| 001 | 0312221749 | |
| 005 | 20040630144802.7 | |
| 010 | @dCNY1.10 | |
| 100 | @a20031222d1982 km y0chiy0120 ea | |
| 101 | @achi | |
| 105 | @a z 000yy | |
| 200 | 1 | @a激光光谱分析法@AJi Guang Guang Pu Fen Xi Fa@f朱贵云等编著@FZhu Gui YunDeng Bian Zhu |
| 210 | @a北京@c科学出版社@d1982.8 | |
| 215 | @a212页@d20cm | |
| 606 | 0 | @a光学 |
| 690 | @aO433.5@v3 | |
| 701 | 0 | @a朱贵云@4编著 |
| 801 | @aCN@bTSTCL@c20031222 | |
| 905 | @dO433.5@e27@f1@b104764 | |
| 激光光谱分析法/朱贵云等编著.-北京:科学出版社,1982.8 |
| 212页;20cm |
| ISBN :CNY1.10 |
| ● |
| 相关链接 |
|
|
|
|
正题名:激光光谱分析法
索取号:O433.5/27
 
预约/预借
| 序号 | 登录号 | 条形码 | 馆藏地/架位号 | 状态 | 备注 |
| 1 | 0104764 | 001937024 | 第三借阅区/ [索取号:O433.5/27] | 在馆 | |
| 2 | 0104765 | 001463044 | 第二样本阅览室/ [索取号:O433.5/27] | 在馆 |